Behavioral finance psychology, decision-making and markets
Saved in:
| Main Author: | |
|---|---|
| Other Authors: | |
| Format: | Book |
| Language: | English |
| Published: |
Mason
South-Western Cengage Learning
2010
|
| Edition: | international ed. |
| Subjects: | |
| Tags: |
No Tags, Be the first to tag this record!
|
MARC
| LEADER | 00000nam a2200000 4500 | ||
|---|---|---|---|
| 001 | 0135420 | ||
| 005 | 20240306135537.4 | ||
| 020 | |a 0-538-75286-6 | ||
| 020 | |a 978-0-538-75286-2 | ||
| 041 | 0 | |a eng | |
| 044 | |a US | ||
| 245 | 1 | 0 | |a Behavioral finance |b psychology, decision-making and markets |c Lucy F. Ackert, Richard Deaves |
| 250 | |a international ed. | ||
| 264 | 1 | |a Mason |b South-Western Cengage Learning |c 2010 | |
| 300 | |a xxxii, 392 s. | ||
| 610 | 2 | 0 | |a financie |
| 610 | 2 | 0 | |a financie podnikové |
| 610 | 2 | 0 | |a rozhodovanie finančné |
| 610 | 2 | 0 | |a riadenie finančné |
| 610 | 2 | 0 | |a investovanie |
| 610 | 2 | 0 | |a trh finančný |
| 610 | 2 | 0 | |a trh finančný medzinárodný |
| 100 | 1 | |a Ackert, Lucy F. | |
| 700 | 1 | |a Deaves, Richard | |